Flying colours / (Record no. 342545)

000 -LEADER
fixed length control field 01028cam a2200277 a 4500
001 - CONTROL NUMBER
control field 2405059
003 - CONTROL NUMBER IDENTIFIER
control field NUST
005 - DATE AND TIME OF LATEST TRANSACTION
control field 20180102105225.0
008 - FIXED-LENGTH DATA ELEMENTS--GENERAL INFORMATION
fixed length control field 860502t19861938mau 000 1 eng
010 ## - LIBRARY OF CONGRESS CONTROL NUMBER
LC control number 86010291
020 ## - INTERNATIONAL STANDARD BOOK NUMBER
International Standard Book Number 0316289396 :
Terms of availability $7.95
040 ## - CATALOGING SOURCE
Original cataloging agency DLC
Transcribing agency DLC
Modifying agency DLC
050 00 - LIBRARY OF CONGRESS CALL NUMBER
Classification number PR6011.O56
Item number F5 1986
082 00 - DEWEY DECIMAL CLASSIFICATION NUMBER
Classification number 823.912
Author Mark FOR
100 1# - MAIN ENTRY--PERSONAL NAME
Personal name Forester, C. S.
Fuller form of name (Cecil Scott),
Dates associated with a name 1899-1966.
9 (RLIN) 7956
245 10 - TITLE STATEMENT
Title Flying colours /
Statement of responsibility, etc. by C.S. Forester.
260 ## - PUBLICATION, DISTRIBUTION, ETC.
Place of publication, distribution, etc. Boston :
Name of publisher, distributor, etc. Little, Brown,
Date of publication, distribution, etc. 1986
300 ## - PHYSICAL DESCRIPTION
Extent 294 p. ;
Dimensions 20 cm.
650 #0 - SUBJECT ADDED ENTRY--TOPICAL TERM
Topical term or geographic name entry element Hornblower, Horatio (Fictitious character)
General subdivision Fiction.
9 (RLIN) 7957
650 #0 - SUBJECT ADDED ENTRY--TOPICAL TERM
Topical term or geographic name entry element Napoleonic Wars, 1800-1815
General subdivision Fiction.
9 (RLIN) 7958
651 #0 - SUBJECT ADDED ENTRY--GEOGRAPHIC NAME
Geographic name Great Britain
General subdivision History, Naval
Chronological subdivision 19th century
General subdivision Fiction.
9 (RLIN) 7959
655 #7 - INDEX TERM--GENRE/FORM
Genre/form data or focus term Historical fiction.
Source of term gsafd
9 (RLIN) 417
655 #7 - INDEX TERM--GENRE/FORM
Genre/form data or focus term Sea stories.
Source of term gsafd
9 (RLIN) 7960
856 42 - ELECTRONIC LOCATION AND ACCESS
Materials specified Publisher description
Uniform Resource Identifier <a href="http://www.loc.gov/catdir/enhancements/fy0914/86010291-d.html">http://www.loc.gov/catdir/enhancements/fy0914/86010291-d.html</a>
906 ## - LOCAL DATA ELEMENT F, LDF (RLIN)
a 7
b cbc
c orignew
d 1
e ocip
f 19
g y-gencatlg
942 ## - ADDED ENTRY ELEMENTS (KOHA)
Source of classification or shelving scheme
Koha item type Book
Holdings
Withdrawn status Lost status Source of classification or shelving scheme Damaged status Not for loan Permanent Location Current Location Shelving location Date acquired Full call number Barcode Date last seen Copy number Price effective from Koha item type
          Central Library (CL) Central Library (CL) Fiction 01/02/2018 823.912 FOR CL3450 01/02/2018 1 01/02/2018 Book
© 2023 Central Library, National University of Sciences and Technology. All Rights Reserved.